Statistics for YY's General Knowledge - Multiple Choice #9

Click here to take the quiz!

General Stats

  • This quiz has been taken 601 times
  • The average score is 7 of 15

Answer Stats

QuestionAnswer% Correct
What is the national flower of India?Lotus
82%
Rhinotillexomania is the medical name of which bad habit?Nose Picking
73%
Pecorino cheese is traditionaly from which country?Italy
71%
Which fashion designer is thought to have invented the mini skirt ?Mary Quant
64%
What do Abraham Lincoln, Galileo Galilei, George Best, and Mother Teresa have in common ?All have airports named after them
61%
Which sport cannot be played with the left hand?Polo
57%
Which country is named after a famous city ?Venezuela
56%
What variety of orange is used to flavour Earl Grey tea?Bergamot Orange
55%
In which country is the abandoned town of Pripyat ?Ukraine
48%
Which European football (soccer) club is known as The Old Lady?Juventus
37%
Salem is the state capital of which of the United States ?Oregon
34%
What is a Pademelon?a small marsupial
29%
What classification of star is the Sun ?Yellow Dwarf
29%
Bikin National Park is in which country ?Russia
17%
Which movie was the first to use Dolby noise reduction ?A Clockwork Orange
16%

Score Distribution

Percentile by Number Answered

Percent of People with Each Score

Your Score History

You have not taken this quiz